Plan Estratégico para la Empresa BLAMEN S.A en el período 2011 - 2013

Presenta un plan estratégico que de soluciones dirigidas a la toma de decisiones, permitiendo formular estrategias a largo plazo de carácter aplicaciones a la resolución de problemas todo esto para satisfacer los objetivos estratégicos que se implementen en cuanto a crecimiento organizacional y...

Full description

Bibliographic Details
Main Authors: Miranda, Bertha Lizeth, Talavera Aráuz, Kadaffy, Urtecho Castro, Pedro
Other Authors: Tutor: Zúñiga Morales, Gonzalo de Jesús
Format: Tesis Section = Libro
Language:Undetermined
Spanish
Published: Managua UNI 2010
Subjects:
LEADER 01189nam a2200265Ia 4500
008 240830s9999 xx 000 0 und d
040 |a BIBLIOTECA-RUPAP T.Mon 658.4012 M672 
041 |a spa 
082 |a T.Mon 658.4012 M672 
100 1 |a Miranda, Bertha Lizeth 
100 1 |b Talavera Aráuz, Kadaffy 
100 1 |c Urtecho Castro, Pedro 
245 1 0 |a Plan Estratégico para la Empresa BLAMEN S.A en el período 2011 - 2013 
260 |a Managua  |b UNI  |c 2010 
300 |a 113 p. :il. 
500 |a Contiene: anexos e Incluye: CD. 
502 |a Tesis (Ingeniero de Sistemas)- UNI, 2010. 
520 3 |a Presenta un plan estratégico que de soluciones dirigidas a la toma de decisiones, permitiendo formular estrategias a largo plazo de carácter aplicaciones a la resolución de problemas todo esto para satisfacer los objetivos estratégicos que se implementen en cuanto a crecimiento organizacional y rentabilidad operativa. 
650 7 |a PLANIFICACIÓN ESTRATÉGICA 
650 7 |b DIAGNOSTICO ORGANIZACIONAL 
650 7 |c PLANIFICACIÓN EMPRESARIAL - BLAMEN S.A. 
700 1 |a Tutor:  |b Zúñiga Morales, Gonzalo de Jesús  
942 |c BK  |2 ddc 
991 |a TESIS 
999 |c 18584